Standards and specifications information bulletin.

Bibliographic Details
Corporate Authors: Aerospace Industries Association of America, United States. Department of Defense
Format: Journal
Language:English
Published: Washington, D.C. : National Standards Assn.
Subjects:

MARC

Tag First Indicator Second Indicator Subfields
LEADER 00000cas a2200000 4500
001 in00000047191
005 20151007065455.0
008 800528c19609999dcuwr p 0uuua0eng d
035 |a (OCoLC)06363870 
035 |9 AAE2062AM 
040 |a TXA  |c TXA  |d UtOrBLW 
049 |a TXAE 
090 |a TL671.1  |b .A3 
245 0 0 |a Standards and specifications information bulletin. 
264 1 |a Washington, D.C. :  |b National Standards Assn. 
300 |a  volumes :  |b illustrations  |a weekly. 
336 |a text  |b txt  |2 rdacontent 
337 |a unmediated  |b n  |2 rdamedia 
338 |a volume  |b nc  |2 rdacarrier 
362 0 |a 1960?- 
500 |a "A bulletin listing all the new and revised standards and specifications in the Federal, Military, Air Force-Navy, and National aerospace standards series and the Qualified products lists." 
500 |a Looseleaf for updating. 
580 |a National aerospace standards (formerly National aircraft standards) compiled by Aerospace Industries Association of America, National Aerospace Standards Committee. 
580 |a Issued as a supplementary service to the U.S. Dept. of Defense. Index of specifications and standards. 
650 0 |a Airplanes  |x Standards. 
650 0 |a Airplanes  |x Materials. 
651 0 |a United States  |x Armed Forces  |x Supplies and stores  |x Standards. 
710 2 |a Aerospace Industries Association of America. 
710 1 2 |a United States.  |b Department of Defense.  |t Index of specifications and standards. 
730 0 |a National aerospace standards. 
730 0 |a National aircraft standards. 
772 0 |a United States. Dept. of Defense.  |t Index of specifications and standards 
787 1 |t National aerospace standards 
999 |a MARS 
999 f f |s 5556e14c-a035-3470-b891-54ef5b0f07f3  |i c405ed06-c2e5-3e5e-890e-f18eb4ca23bb  |t 0 
952 f f |p normal  |a Texas A&M University  |b College Station  |c Sterling C. Evans Library  |d Evans: Library Stacks  |t 0  |e TL671.1 .A3  |h Library of Congress classification  |i unmediated -- volume  |m A14832063235 
998 f f |a TL671.1 .A3  |s 1329-1331,1333-1411,1413-1443,1446-1502,10001  |t 0  |l Evans: Library Stacks